{"text_format":"3","workbook":"xlsx","n_sheets":4,"sheets":["ORÇAMENTO","BDI","Eventograma","Cronograma PLE"],"not_rendered":{"images":2,"external_links":1,"defined_names":8},"read":"whole","date_system":"1900"}

{"sheet":"ORÇAMENTO","index":0,"n_rows":63,"n_cols":17,"rows_kept":63,"merged":[[0,3,1,9],[57,0,57,8]]}
[{"$nulls":3}," Orçamento Referencia"]
[]
[]
["Obra: ","Pavimentação da Rua Albertino Lastória - Trecho I"]
["Local:","Rua Albertino Latória, distrito de Três Pontes Amparo SP"]
["Operação ","1068046-40",null,"P + Brasil",892996,"DATA BASE",null,"2021-01-01"]
[]
[{"$nulls":8},"BDI",{"v":0.2685,"d":"26.85%"}]
[]
["Item","Codigo","Fonte","Evento","Macrosserviço / Serviço","Qtd.","Und.","Custo Unitário","Preço Unitário","Preço Total"]
[1,{"$nulls":3},"Serviços Iniciais",{"$nulls":4},{"$f":"SUBTOTAL(9,J12:J13)","v":{"v":5670.18,"d":"R$ 5,670.18"}}]
["1.1",4813,"SINAPI",9,"PLACA DE OBRA (PARA CONSTRUCAO CIVIL) EM CHAPA GALVANIZADA *N. 22*, ADESIVADA, DE *2,0 X 1,125* M",{"v":6,"d":"6.00"},"M2",{"v":200,"d":"R$ 200.00"},{"$f":"ROUND((H12*$J$8)+H12,2)","v":{"v":253.7,"d":"R$ 253.70"}},{"$f":"F12*I12","v":{"v":1522.1999999999998,"d":"R$ 1,522.20"}}]
["1.2",10775,"SINAPI",1,"LOCACAO DE CONTAINER 2,30 X 6,00 M, ALT. 2,50 M, COM 1 SANITARIO, PARA ESCRITORIO, COMPLETO, SEM DIVISORIAS INTERNAS",{"v":6,"d":"6.00"},"MES",{"v":545,"d":"R$ 545.00"},{"$f":"ROUND((H13*$J$8)+H13,2)","v":{"v":691.33,"d":"R$ 691.33"}},{"$f":"F13*I13","v":{"v":4147.9800000000005,"d":"R$ 4,147.98"}}]
[2,{"$nulls":3},"Demolições e Retiradas",{"$nulls":4},{"$f":"SUBTOTAL(9,J15:J16)-0.01","v":{"v":308.03759999999994,"d":"R$ 308.04"}}]
["2.1",97636,"SINAPI",2,"DEMOLIÇÃO PARCIAL DE PAVIMENTO ASFÁLTICO, DE FORMA MECANIZADA, SEM REAPROVEITAMENTO. AF_12/2017",17.15,"M2",{"v":13.59,"d":"R$ 13.59"},{"$f":"ROUND((H15*$J$8)+H15,2)","v":{"v":17.24,"d":"R$ 17.24"}},{"$f":"F15*I15","v":{"v":295.66599999999994,"d":"R$ 295.67"}}]
["2.2",100981,"SINAPI",2,"CARGA, MANOBRA E DESCARGA DE ENTULHO EM CAMINHÃO BASCULANTE 6 M³ - CARGA COM ESCAVADEIRA HIDRÁULICA (CAÇAMBA DE 0,80 M³ / 111 HP) E DESCARGA LIVRE (UNIDADE: M3). AF_07/2020",1.68,"M3",{"v":5.81,"d":"R$ 5.81"},{"$f":"ROUND((H16*$J$8)+H16,2)","v":{"v":7.37,"d":"R$ 7.37"}},{"$f":"F16*I16","v":{"v":12.3816,"d":"R$ 12.38"}},{"$nulls":6}," "]
[3,{"$nulls":3},"Pavimentação",{"$nulls":4},{"$f":"SUBTOTAL(9,J18:J23)","v":{"v":92263.43509999999,"d":"R$ 92,263.44"}}]
["3.1",95147,"SINAPI",3,"ABERTURA DE CAIXA ATÉ 25CM, INCLUSIVE ESCAVAÇÃO, COMPACTAÇÃO, TRANSPORTE E PREPARO DO SUB-LEITO - SINAPI 07/2020",{"v":1179.97,"d":"1,179.97"},"M2",{"v":12.54,"d":"R$ 12.54"},{"$f":"ROUND((H18*$J$8)+H18,2)","v":{"v":15.91,"d":"R$ 15.91"}},{"$f":"F18*I18","v":{"v":18773.3227,"d":"R$ 18,773.32"}}]
["3.2",96396,"SINAPI",3,"EXECUÇÃO E COMPACTAÇÃO DE BASE E OU SUB BASE PARA PAVIMENTAÇÃO DE BRITA GRADUADA SIMPLES - EXCLUSIVE CARGA E TRANSPORTE. AF_11/2019",{"v":155.4,"d":"155.40"},"M3",{"v":100.32,"d":"R$ 100.32"},{"$f":"ROUND((H19*$J$8)+H19,2)","v":{"v":127.26,"d":"R$ 127.26"}},{"$f":"F19*I19","v":{"v":19776.204,"d":"R$ 19,776.20"}}]
["3.3",95430,"SINAPI",3,"TRANSPORTE COM CAMINHÃO BASCULANTE DE 18 M³, EM VIA URBANA PAVIMENTADA, ADICIONAL PARA DMT EXCEDENTE A 30 KM (UNIDADE: TXKM). AF_07/2020",{"v":7878.91,"d":"7,878.91"},"TXKM",{"v":0.82,"d":"R$ 0.82"},{"$f":"ROUND((H20*$J$8)+H20,2)","v":{"v":1.04,"d":"R$ 1.04"}},{"$f":"F20*I20","v":{"v":8194.0664,"d":"R$ 8,194.07"}}]
["3.4",96402,"SINAPI",4,"EXECUÇÃO DE PINTURA DE LIGAÇÃO COM EMULSÃO ASFÁLTICA RR-2C. AF_11/2019",{"v":1035.92,"d":"1,035.92"},"M2",{"v":1.92,"d":"R$ 1.92"},{"$f":"ROUND((H21*$J$8)+H21,2)","v":{"v":2.44,"d":"R$ 2.44"}},{"$f":"F21*I21","v":{"v":2527.6448,"d":"R$ 2,527.64"}}]
["3.5",95995,"SINAPI",4,"EXECUÇÃO DE PAVIMENTO COM APLICAÇÃO DE CONCRETO ASFÁLTICO, CAMADA DE ROLAMENTO - EXCLUSIVE CARGA E TRANSPORTE. AF_11/2019",31.08,"M3",{"v":918.69,"d":"R$ 918.69"},{"$f":"ROUND((H22*$J$8)+H22,2)","v":{"v":1165.36,"d":"R$ 1,165.36"}},{"v":36219.38879999999,"d":"R$ 36,219.39"}]
["3.6",93179,"SINAPI ",4,"TRANSPORTE DE MATERIAL ASFALTICO, COM CAMINHÃO COM CAPACIDADE DE 20000 L EM RODOVIA NÃO PAVIMENTADA PARA DISTÂNCIAS MÉDIAS DE TRANSPORTE IGUAL OU INFERIOR A 100 KM. AF_02/2016",{"v":2666.46,"d":"2,666.46"},"TXKM",{"v":2,"d":"R$ 2.00"},{"$f":"ROUND((H23*$J$8)+H23,2)","v":{"v":2.54,"d":"R$ 2.54"}},{"v":6772.8084,"d":"R$ 6,772.81"}]
[4,{"$nulls":3},"Drenagem",{"$nulls":4},{"$f":"SUBTOTAL(9,J25:J37)+0.02","v":{"v":70249.0397,"d":"R$ 70,249.04"}}]
["4.1","02.10.060","CDHU-180D",5,"Locação de vias, calçadas, tanques e lagos",{"v":1179.97,"d":"1,179.97"},"M2",{"v":1.19,"d":"R$ 1.19"},{"$f":"ROUND((H25*$J$8)+H25,2)","v":{"v":1.51,"d":"R$ 1.51"}},{"$f":"F25*I25","v":{"v":1781.7547,"d":"R$ 1,781.75"}}]
["4.2",94273,"SINAPI ",5,"ASSENTAMENTO DE GUIA (MEIO-FIO) EM TRECHO RETO, CONFECCIONADA EM CONCRETO PRÉ-FABRICADO, DIMENSÕES 100X15X13X30 CM (COMPRIMENTO X BASE INFERIOR X BASE SUPERIOR X ALTURA), PARA VIAS URBANAS (USO VIÁRIO). AF_06/2016",320.1,"M",{"v":36.97,"d":"R$ 36.97"},{"v":46.9,"d":"R$ 46.90"},{"v":15012.69,"d":"R$ 15,012.69"}]
["4.3",94281,"SINAPI ",5,"EXECUÇÃO DE SARJETA DE CONCRETO USINADO, MOLDADA IN LOCO EM TRECHO RETO, 30 CM BASE X 15 CM ALTURA. AF_06/2016",320.1,"M",{"v":39,"d":"R$ 39.00"},{"v":49.47,"d":"R$ 49.47"},{"v":15835.347000000002,"d":"R$ 15,835.35"}]
["4.4",90093,"SINAPI",6,"ESCAVAÇÃO MECANIZADA DE VALA COM PROF. MAIOR QUE 1,5 M ATÉ 3,0 M (MÉDIA ENTRE MONTANTE E JUSANTE/UMA COMPOSIÇÃO POR TRECHO), COM ESCAVADEIRA HIDRÁULICA (0,8 M3/111 HP), LARG. DE 1,5 M A 2,5 M, EM SOLO DE 1A CATEGORIA, LOCAIS COM BAIXO NÍVEL DE INTERFERÊNCIA. AF_01/2015",268.32,"M3",{"v":4.53,"d":"R$ 4.53"},{"v":5.75,"d":"R$ 5.75"},{"v":1542.84,"d":"R$ 1,542.84"}]
["4.5",100323,"SINAPI ",6,"LASTRO COM MATERIAL GRANULAR (AREIA MÉDIA), APLICADO EM PISOS OU RADIERS, ESPESSURA DE *10 CM*. AF_07/2019",12.16,"M3",{"v":87.84,"d":"R$ 87.84"},{"v":111.43,"d":"R$ 111.43"},{"v":1354.9888,"d":"R$ 1,354.99"}]
["4.6",95568,"SINAPI",6,"TUBO DE CONCRETO (SIMPLES) PARA REDES COLETORAS DE ÁGUAS PLUVIAIS, DIÂMETRO DE 400 MM, JUNTA RÍGIDA, INSTALADO EM LOCAL COM BAIXO NÍVEL DE INTERFERÊNCIAS - FORNECIMENTO E ASSENTAMENTO. AF_12/2015",8,"M",{"v":82.89,"d":"R$ 82.89"},{"v":105.15,"d":"R$ 105.15"},{"v":841.2,"d":"R$ 841.20"}]
["4.7",92212,"SINAPI",6,"TUBO DE CONCRETO PARA REDES COLETORAS DE ÁGUAS PLUVIAIS, DIÂMETRO DE 600 MM, JUNTA RÍGIDA, INSTALADO EM LOCAL COM BAIXO NÍVEL DE INTERFERÊNCIAS - FORNECIMENTO E ASSENTAMENTO. AF_12/2015",80,"M",{"v":178.77,"d":"R$ 178.77"},{"v":226.77,"d":"R$ 226.77"},{"v":18141.600000000002,"d":"R$ 18,141.60"}]
["4.8",93382,"SINAPI",6,"REATERRO MANUAL DE VALAS COM COMPACTAÇÃO MECANIZADA. AF_04/2016",23.84,"M3",{"v":27.67,"d":"R$ 27.67"},{"v":35.1,"d":"R$ 35.10"},{"v":836.784,"d":"R$ 836.78"}]
["4.9",93376,"SINAPI",6,"REATERRO MECANIZADO DE VALA COM RETROESCAVADEIRA (CAPACIDADE DA CAÇAMBA DA RETRO: 0,26 M³ / POTÊNCIA: 88 HP), LARGURA ATÉ 0,8 M, PROFUNDIDADE DE 1,5 A 3,0 M, COM SOLO DE 1ª CATEGORIA EM LOCAIS COM ALTO NÍVEL DE INTERFERÊNCIA. AF_04/2016",162.32,"M3",{"v":12.7,"d":"R$ 12.70"},{"v":16.11,"d":"R$ 16.11"},{"v":2614.9752,"d":"R$ 2,614.98"}]
["4.10",99280,"SINAPI ",6,"BASE PARA POÇO DE VISITA CIRCULAR PARA DRENAGEM, EM ALVENARIA COM TIJOLOS CERÂMICOS MACIÇOS, DIÂMETRO INTERNO = 0,8 M, PROFUNDIDADE = 1,45 M, EXCLUINDO TAMPÃO. AF_05/2018",2,"UN",{"v":1543.12,"d":"R$ 1,543.12"},{"v":1957.45,"d":"R$ 1,957.45"},{"v":3914.9,"d":"R$ 3,914.90"}]
["4.11",98051,"SINAPI",6,"CHAMINÉ CIRCULAR PARA POÇO DE VISITA PARA ESGOTO, EM ALVENARIA COM TIJOLOS CERÂMICOS MACIÇOS, DIÂMETRO INTERNO = 0,6 M. AF_05/2018",2,"M",{"v":747.65,"d":"R$ 747.65"},{"v":948.39,"d":"R$ 948.39"},{"v":1896.78,"d":"R$ 1,896.78"}]
["4.12",98114,"SINAPI ",6,"TAMPA CIRCULAR PARA ESGOTO E DRENAGEM, EM FERRO FUNDIDO, DIÂMETRO INTERNO = 0,6 M. AF_05/2018",2,"UN",{"v":560.85,"d":"R$ 560.85"},{"v":711.44,"d":"R$ 711.44"},{"v":1422.88,"d":"R$ 1,422.88"}]
["4.13"," 49.12.058","CDHU-180D",6,"Boca de Leão simples com grelha - cops 178",2,"UN",{"v":1991.44,"d":"R$ 1,991.44"},{"v":2526.14,"d":"R$ 2,526.14"},{"v":5052.28,"d":"R$ 5,052.28"}]
[5,{"$nulls":3},"Sinalização",{"$nulls":4},{"$f":"SUBTOTAL(9,J39:J41)","v":{"v":2149.813,"d":"R$ 2,149.81"}}]
["5.1",72947,"SINAPI",7,"SINALIZACAO HORIZONTAL COM TINTA RETRORREFLETIVA A BASE DE RESINA ACRILICA COM MICROESFERAS DE VIDRO",41.92,"M2",{"v":15.33,"d":"R$ 15.33"},{"$f":"ROUND((H39*$J$8)+H39,2)","v":{"v":19.45,"d":"R$ 19.45"}},{"$f":"F39*I39","v":{"v":815.344,"d":"R$ 815.34"}}]
["5.2",34723,"SINAPI",7,"PLACA DE SINALIZACAO EM CHAPA DE ACO NUM 16 COM PINTURA REFLETIVA",0.3,"M2",{"v":693,"d":"R$ 693.00"},{"$f":"ROUND((H40*$J$8)+H40,2)","v":{"v":879.07,"d":"R$ 879.07"}},{"$f":"F40*I40","v":{"v":263.721,"d":"R$ 263.72"}}]
["5.3","46.08.070","CDHU-180D",7,"Tubo galvanizado sem costura schedule 40, DN= 2 1/2´, inclusive conexões",3.6,"M",{"v":234.47,"d":"R$ 234.47"},{"$f":"ROUND((H41*$J$8)+H41,2)","v":{"v":297.43,"d":"R$ 297.43"}},{"v":1070.748,"d":"R$ 1,070.75"}]
[6,{"$nulls":3},"Acessibilidade",{"$nulls":4},{"$f":"SUBTOTAL(9,J43:J45)","v":{"v":21929.5302,"d":"R$ 21,929.53"}}]
["6.2",98525,"SINAPI ",8,"LIMPEZA MECANIZADA DE CAMADA VEGETAL, VEGETAÇÃO E PEQUENAS ÁRVORES (DIÂMETRO DE TRONCO MENOR QUE 0,20 M), COM TRATOR DE ESTEIRAS.AF_05/2018",474.08,"M2",{"v":0.3,"d":"R$ 0.30"},{"$f":"ROUND((H43*$J$8)+H43,2)","v":{"v":0.38,"d":"R$ 0.38"}},{"$f":"F43*I43","v":{"v":180.1504,"d":"R$ 180.15"}}]
["6.3",94991,"SINAPI",8,"EXECUÇÃO DE PASSEIO (CALÇADA) OU PISO DE CONCRETO COM CONCRETO MOLDADO IN LOCO, USINADO, ACABAMENTO CONVENCIONAL, NÃO ARMADO. AF_07/2016",34.39,"M3",{"v":454.19,"d":"R$ 454.19"},{"$f":"ROUND((H44*$J$8)+H44,2)","v":{"v":576.14,"d":"R$ 576.14"}},{"$f":"F44*I44","v":{"v":19813.4546,"d":"R$ 19,813.45"}}]
["6.4","10.02.020","CDHU-180D",8,"Armadura em tela soldada",194.37,"KG",{"v":7.85,"d":"R$ 7.85"},{"$f":"ROUND((H45*$J$8)+H45,2)","v":{"v":9.96,"d":"R$ 9.96"}},{"$f":"F45*I45","v":{"v":1935.9252000000001,"d":"R$ 1,935.93"}}]
[7,{"$nulls":3},"Muro de Arrimo",{"$nulls":4},{"$f":"SUBTOTAL(9,J47:J57)","v":{"v":56205.6676,"d":"R$ 56,205.67"}}]
["7.1",90107,"SINAPI - ",10,"ESCAVAÇÃO MECANIZADA DE VALA COM PROFUNDIDADE MAIOR QUE 1,5 M ATÉ 3,0 M (MÉDIA ENTRE MONTANTE E JUSANTE/UMA COMPOSIÇÃO POR TRECHO) COM RETROESCAVADEIRA (CAPACIDADE DA CAÇAMBA DA RETRO: 0,26 M3 / POTÊNCIA: 88 HP), LARGURA MENOR QUE 0,8 M, EM SOLO DE1A CATEGORIA, LOCAIS COM BAIXO NÍVEL DE INTERFERÊNCIA. AF_01/2015",14.94,"M3",{"v":5.71,"d":"R$ 5.71"},{"$f":"ROUND((H47*$J$8)+H47,2)","v":{"v":7.24,"d":"R$ 7.24"}},{"$f":"F47*I47","v":{"v":108.1656,"d":"R$ 108.17"}}]
["7.2",98557,"SINAPI -",10,"IMPERMEABILIZAÇÃO DE SUPERFÍCIE COM EMULSÃO ASFÁLTICA, 2 DEMÃOS AF_06/2018",85.9,"M2",{"v":30.73,"d":"R$ 30.73"},{"$f":"ROUND((H48*$J$8)+H48,2)","v":{"v":38.98,"d":"R$ 38.98"}},{"$f":"F48*I48","v":{"v":3348.382,"d":"R$ 3,348.38"}}]
["7.3","09.02.080","CDHU-180D",10,"Forma Plana em compensado para obra de arte , sem Cimbramento - CPOS 178D",189.87,"M2",{"v":85.08,"d":"R$ 85.08"},{"v":107.92,"d":"R$ 107.92"},{"v":20490.7704,"d":"R$ 20,490.77"}]
["7.4","11.01.290","CDHU-180D",10,"Concreto usinado, fck 25 mpa - para bombeamento - CPOS 178 D",20.9,"CP",{"v":358.34,"d":"R$ 358.34"},{"v":454.55,"d":"R$ 454.55"},{"v":9500.095,"d":"R$ 9,500.10"}]
["7.5","11.16.080","CDHU-180D",10,"Lançamento e adensamento de concreto ou massa por bombeamento - CPOS 178D",20.9,"M3",{"v":124.8,"d":"R$ 124.80"},{"v":158.31,"d":"R$ 158.31"},{"v":3308.6789999999996,"d":"R$ 3,308.68"}]
["7.6","10.01.040","CDHU-180D",10,"Armadura em barras de aço CA50 (A ou B) fyk 500MPa CPOS 178 D",1094,"KG",{"v":7.84,"d":"R$ 7.84"},{"v":9.95,"d":"R$ 9.95"},{"v":10885.3,"d":"R$ 10,885.30"}]
["7.7"," 73881/1","SINAPI -",10,"EXECUCAO DE DRENO COM MANTA GEOTEXTIL 200 G/M2",36.81,"M2",{"v":5.58,"d":"R$ 5.58"},{"v":7.08,"d":"R$ 7.08"},{"v":260.6148,"d":"R$ 260.61"}]
["7.8",100323,"SINAPI ",6,"LASTRO COM MATERIAL GRANULAR (AREIA MÉDIA), APLICADO EM PISOS OU RADIERS, ESPESSURA DE *10 CM*. AF_07/2019",2.36,"M3",{"v":87.84,"d":"R$ 87.84"},{"v":111.43,"d":"R$ 111.43"},{"v":262.9748,"d":"R$ 262.97"}]
["7.9","73816/1","SINAPI - ",10,"EXECUCAO DE DRENO COM TUBOS DE PVC CORRUGADO FLEXIVEL PERFURADO - DN 100",29.45,"M",{"v":28.74,"d":"R$ 28.74"},{"v":36.46,"d":"R$ 36.46"},{"v":1073.747,"d":"R$ 1,073.75"}]
["7.10",833682,"Outros - ",10,"Camada Vertical drenante com pedra britada 1 e 2 - sinapi 07/2020",5.05,"M3",{"v":103.82,"d":"R$ 103.82"},{"v":131.7,"d":"R$ 131.70"},{"v":665.0849999999999,"d":"R$ 665.09"}]
["7.11",94319,"SINAPI -",10,"ATERRO MANUAL DE VALAS COM SOLO ARGILO-ARENOSO E COMPACTAÇÃO MECANIZADA. AF_05/2016",126.9,"M3",{"v":39.15,"d":"R$ 39.15"},{"v":49.66,"d":"R$ 49.66"},{"v":6301.854,"d":"R$ 6,301.85"}]
["Total:",{"$nulls":8},{"$f":"SUBTOTAL(9,(J11:J57))","v":{"v":248775.6932,"d":"R$ 248,775.69"}}]
[]
[]
[{"$nulls":4},"Carlos Eduardo Mazzetto"]
[{"$nulls":4},"Eng. Civil         SMDU"]
[{"$nulls":4},"CREA 5060363666"]

{"sheet":"BDI","index":1,"n_rows":53,"n_cols":10,"rows_kept":53,"merged":[[0,8,0,9],[2,8,2,9],[4,0,4,1],[4,2,4,3],[4,4,4,9],[5,0,5,1],[5,2,5,3],[5,4,5,9],[7,0,7,9],[8,0,8,9],[10,0,10,7],[10,8,10,9],[11,0,11,7],[11,8,11,9],[14,0,14,9],[16,0,16,9],[17,0,17,9],[19,0,20,7],[19,8,20,8],[19,9,20,9],[21,0,21,7],[22,0,22,7],[23,0,23,7],[24,0,24,7],[25,0,25,7],[26,0,26,7],[27,0,27,7],[28,0,28,7],[29,0,29,7],[30,0,30,7],[32,1,32,9],[34,0,34,9],[35,3,36,3],[35,4,35,6],[35,7,36,7],[36,4,36,6],[38,0,38,9],[40,0,40,9],[43,0,43,9],[45,0,45,3],[45,6,45,9],[46,0,46,3],[48,0,48,3],[49,0,49,3]]}
[{"$nulls":5},"Quadro de Composição do BDI",null,null,"Grau de Sigilo"]
[]
[{"$nulls":8},"#PUBLICO"]
[]
["Nº OPERAÇÃO",null,"Nº SICONV",null,"PROPONENTE / TOMADOR"]
[{"v":1068046,"d":"1,068,046"},null,892996,null,"Município de Amparo"]
[]
["APELIDO DO EMPREENDIMENTO / DESCRIÇÃO DO LOTE"]
["PAVIMENTAÇÃO CHÁCARA DAS ÁGUAS - Trecho II / PROGRAMA PLANEJAMENTO URBANO PAVIMENTAÇÃO DE VIAS URBANAS"]
[]
["Conforme legislação tributária municipal, definir estimativa de percentual da base de cálculo para o ISS:",{"$nulls":7},{"v":0.6,"d":"60.00%"}]
["Sobre a base de cálculo, definir a respectiva alíquota do ISS (entre 2% e 5%):",{"$nulls":7},{"v":0.05,"d":"5.00%"}]
[]
[]
["BDI 1"]
[]
["TIPO DE OBRA"]
["Construção de Praças Urbanas, Rodovias, Ferrovias e recapeamento e pavimentação de vias urbanas"]
[]
["Itens",{"$nulls":7},"Siglas","% Adotado"]
[]
["Administração Central",{"$nulls":7},"AC",{"v":0.038,"d":"3.80%"}]
["Seguro e Garantia",{"$nulls":7},"SG",{"v":0.0032,"d":"0.32%"}]
["Risco",{"$nulls":7},"R",{"v":0.005,"d":"0.50%"}]
["Despesas Financeiras",{"$nulls":7},"DF",{"v":0.0102,"d":"1.02%"}]
["Lucro",{"$nulls":7},"L",{"v":0.0664,"d":"6.64%"}]
["Tributos (impostos COFINS 3%, e  PIS 0,65%)",{"$nulls":7},"CP",{"v":0.0365,"d":"3.65%"}]
["Tributos (ISS, variável de acordo com o município)",{"$nulls":7},"ISS",{"v":0.03,"d":"3.00%"}]
["Tributos (Contribuição Previdenciária sobre a Receita Bruta - 0% ou 4,5% - Desoneração)",{"$nulls":7},"CPRB",{"v":0.045,"d":"4.50%"}]
["BDI SEM desoneração (Fórmula Acórdão TCU)",{"$nulls":7},"BDI PAD",{"v":0.2073,"d":"20.73%"}]
["BDI COM desoneração",{"$nulls":7},"BDI DES",{"v":0.2685,"d":"26.85%"}]
[]
["",""]
[]
["Os valores de BDI foram calculados com o emprego da fórmula:"]
[{"$nulls":3},"BDI =","(1+AC + S + R + G)*(1 + DF)*(1+L)",null,null," - 1"]
[{"$nulls":4},"(1-CP-ISS-CRPB)"]
[]
["Declaro para os devidos fins que, conforme legislação tributária municipal, a base de cálculo deste tipo de obra corresponde à 60%, com a respectiva alíquota de 5%."]
[]
["Declaro para os devidos fins que o regime de Contribuição Previdenciária sobre a Receita Bruta adotado para elaboração do orçamento foi COM Desoneração, e que esta é a alternativa mais adequada para a Administração Pública."]
[]
["Observações:"]
[]
[]
["Amparo / SP",{"$nulls":5},"2021-01-28"]
["Local",{"$nulls":5},"Data"]
[]
[]
["Responsável Técnico"]
["Nome:","Calos Eduardo Mazzetto"]
["CREA/CAU:","5060363666"]
["ART/RRT:",0]

{"sheet":"Eventograma","index":2,"n_rows":65,"n_cols":5,"rows_kept":65,"merged":[[0,2,1,4],[59,2,59,3]]}
[null,null," EVENTOGRAMA"]
[]
[]
["Obra: ","Pavimentação da Rua Albertino Lastória - Trecho I"]
["Local:","Rua Albertino Latória, distrito de Três Pontes Amparo SP"]
["Operação ",1068046,"P + Brasil     892996","DATA BASE","2021-01-01"]
[]
["Evento ","Item","Título do Evento / Descrição do Serviço","Valor ","Total"]
[1,null,"Serviços Iniciais",null,{"$f":"D10","v":{"v":1522.1999999999998,"d":"R$ 1,522.20"}}]
[null,{"$f":"ORÇAMENTO!A13","v":"1.2"},{"$f":"ORÇAMENTO!E13","v":"LOCACAO DE CONTAINER 2,30 X 6,00 M, ALT. 2,50 M, COM 1 SANITARIO, PARA ESCRITORIO, COMPLETO, SEM DIVISORIAS INTERNAS"},{"$f":"ORÇAMENTO!J12","v":{"v":1522.1999999999998,"d":"R$ 1,522.20"}}]
[2,null,"Demolições e Retiradas",null,{"$f":"SUM(D12:D13)","v":{"v":308.04759999999993,"d":"R$ 308.05"}}]
[null,{"$f":"ORÇAMENTO!A15","v":"2.1"},{"$f":"ORÇAMENTO!E15","v":"DEMOLIÇÃO PARCIAL DE PAVIMENTO ASFÁLTICO, DE FORMA MECANIZADA, SEM REAPROVEITAMENTO. AF_12/2017"},{"$f":"ORÇAMENTO!J15","v":{"v":295.66599999999994,"d":"R$ 295.67"}}]
[null,{"$f":"ORÇAMENTO!A16","v":"2.2"},{"$f":"ORÇAMENTO!E16","v":"CARGA, MANOBRA E DESCARGA DE ENTULHO EM CAMINHÃO BASCULANTE 6 M³ - CARGA COM ESCAVADEIRA HIDRÁULICA (CAÇAMBA DE 0,80 M³ / 111 HP) E DESCARGA LIVRE (UNIDADE: M3). AF_07/2020"},{"$f":"ORÇAMENTO!J16","v":{"v":12.3816,"d":"R$ 12.38"}}]
[3,null,"Pavimentação Base",null,{"$f":"SUM(D15:D17)","v":{"v":46743.5931,"d":"R$ 46,743.59"}}]
[null,{"$f":"ORÇAMENTO!A18","v":"3.1"},{"$f":"ORÇAMENTO!E18","v":"ABERTURA DE CAIXA ATÉ 25CM, INCLUSIVE ESCAVAÇÃO, COMPACTAÇÃO, TRANSPORTE E PREPARO DO SUB-LEITO - SINAPI 07/2020"},{"$f":"ORÇAMENTO!J18","v":{"v":18773.3227,"d":"R$ 18,773.32"}}]
[null,{"$f":"ORÇAMENTO!A19","v":"3.2"},{"$f":"ORÇAMENTO!E19","v":"EXECUÇÃO E COMPACTAÇÃO DE BASE E OU SUB BASE PARA PAVIMENTAÇÃO DE BRITA GRADUADA SIMPLES - EXCLUSIVE CARGA E TRANSPORTE. AF_11/2019"},{"$f":"ORÇAMENTO!J19","v":{"v":19776.204,"d":"R$ 19,776.20"}}]
[null,{"$f":"ORÇAMENTO!A20","v":"3.3"},{"$f":"ORÇAMENTO!E20","v":"TRANSPORTE COM CAMINHÃO BASCULANTE DE 18 M³, EM VIA URBANA PAVIMENTADA, ADICIONAL PARA DMT EXCEDENTE A 30 KM (UNIDADE: TXKM). AF_07/2020"},{"$f":"ORÇAMENTO!J20","v":{"v":8194.0664,"d":"R$ 8,194.07"}}]
[4,null,"Pavimentação Capa",null,{"$f":"SUM(D19:D21)","v":{"v":45519.842,"d":"R$ 45,519.84"}}]
[null,{"$f":"ORÇAMENTO!A21","v":"3.4"},{"$f":"ORÇAMENTO!E21","v":"EXECUÇÃO DE PINTURA DE LIGAÇÃO COM EMULSÃO ASFÁLTICA RR-2C. AF_11/2019"},{"$f":"ORÇAMENTO!J21","v":{"v":2527.6448,"d":"R$ 2,527.64"}}]
[null,{"$f":"ORÇAMENTO!A22","v":"3.5"},{"$f":"ORÇAMENTO!E22","v":"EXECUÇÃO DE PAVIMENTO COM APLICAÇÃO DE CONCRETO ASFÁLTICO, CAMADA DE ROLAMENTO - EXCLUSIVE CARGA E TRANSPORTE. AF_11/2019"},{"$f":"ORÇAMENTO!J22","v":{"v":36219.38879999999,"d":"R$ 36,219.39"}}]
[null,{"$f":"ORÇAMENTO!A23","v":"3.6"},{"$f":"ORÇAMENTO!E23","v":"TRANSPORTE DE MATERIAL ASFALTICO, COM CAMINHÃO COM CAPACIDADE DE 20000 L EM RODOVIA NÃO PAVIMENTADA PARA DISTÂNCIAS MÉDIAS DE TRANSPORTE IGUAL OU INFERIOR A 100 KM. AF_02/2016"},{"$f":"ORÇAMENTO!J23","v":{"v":6772.8084,"d":"R$ 6,772.81"}}]
[5,null,"Drenagem Superficial",null,{"$f":"SUM(D23:D25)","v":{"v":32629.7917,"d":"R$ 32,629.79"}}]
[null,{"$f":"ORÇAMENTO!A25","v":"4.1"},{"$f":"ORÇAMENTO!E25","v":"Locação de vias, calçadas, tanques e lagos"},{"$f":"ORÇAMENTO!J25","v":{"v":1781.7547,"d":"R$ 1,781.75"}}]
[null,{"$f":"ORÇAMENTO!A26","v":"4.2"},{"$f":"ORÇAMENTO!E26","v":"ASSENTAMENTO DE GUIA (MEIO-FIO) EM TRECHO RETO, CONFECCIONADA EM CONCRETO PRÉ-FABRICADO, DIMENSÕES 100X15X13X30 CM (COMPRIMENTO X BASE INFERIOR X BASE SUPERIOR X ALTURA), PARA VIAS URBANAS (USO VIÁRIO). AF_06/2016"},{"$f":"ORÇAMENTO!J26","v":{"v":15012.69,"d":"R$ 15,012.69"}}]
[null,{"$f":"ORÇAMENTO!A27","v":"4.3"},{"$f":"ORÇAMENTO!E27","v":"EXECUÇÃO DE SARJETA DE CONCRETO USINADO, MOLDADA IN LOCO EM TRECHO RETO, 30 CM BASE X 15 CM ALTURA. AF_06/2016"},{"$f":"ORÇAMENTO!J27","v":{"v":15835.347000000002,"d":"R$ 15,835.35"}}]
[6,null,"Drenagem Profunda",null,{"$f":"SUM(D27:D36)","v":{"v":37619.228,"d":"R$ 37,619.23"}}]
[null,{"$f":"ORÇAMENTO!A28","v":"4.4"},{"$f":"ORÇAMENTO!E28","v":"ESCAVAÇÃO MECANIZADA DE VALA COM PROF. MAIOR QUE 1,5 M ATÉ 3,0 M (MÉDIA ENTRE MONTANTE E JUSANTE/UMA COMPOSIÇÃO POR TRECHO), COM ESCAVADEIRA HIDRÁULICA (0,8 M3/111 HP), LARG. DE 1,5 M A 2,5 M, EM SOLO DE 1A CATEGORIA, LOCAIS COM BAIXO NÍVEL DE INTERFERÊNCIA. AF_01/2015"},{"$f":"ORÇAMENTO!J28","v":{"v":1542.84,"d":"R$ 1,542.84"}}]
[null,{"$f":"ORÇAMENTO!A29","v":"4.5"},{"$f":"ORÇAMENTO!E29","v":"LASTRO COM MATERIAL GRANULAR (AREIA MÉDIA), APLICADO EM PISOS OU RADIERS, ESPESSURA DE *10 CM*. AF_07/2019"},{"$f":"ORÇAMENTO!J29","v":{"v":1354.9888,"d":"R$ 1,354.99"}}]
[null,{"$f":"ORÇAMENTO!A30","v":"4.6"},{"$f":"ORÇAMENTO!E30","v":"TUBO DE CONCRETO (SIMPLES) PARA REDES COLETORAS DE ÁGUAS PLUVIAIS, DIÂMETRO DE 400 MM, JUNTA RÍGIDA, INSTALADO EM LOCAL COM BAIXO NÍVEL DE INTERFERÊNCIAS - FORNECIMENTO E ASSENTAMENTO. AF_12/2015"},{"$f":"ORÇAMENTO!J30","v":{"v":841.2,"d":"R$ 841.20"}}]
[null,{"$f":"ORÇAMENTO!A31","v":"4.7"},{"$f":"ORÇAMENTO!E31","v":"TUBO DE CONCRETO PARA REDES COLETORAS DE ÁGUAS PLUVIAIS, DIÂMETRO DE 600 MM, JUNTA RÍGIDA, INSTALADO EM LOCAL COM BAIXO NÍVEL DE INTERFERÊNCIAS - FORNECIMENTO E ASSENTAMENTO. AF_12/2015"},{"$f":"ORÇAMENTO!J31","v":{"v":18141.600000000002,"d":"R$ 18,141.60"}}]
[null,{"$f":"ORÇAMENTO!A32","v":"4.8"},{"$f":"ORÇAMENTO!E32","v":"REATERRO MANUAL DE VALAS COM COMPACTAÇÃO MECANIZADA. AF_04/2016"},{"$f":"ORÇAMENTO!J32","v":{"v":836.784,"d":"R$ 836.78"}}]
[null,{"$f":"ORÇAMENTO!A33","v":"4.9"},{"$f":"ORÇAMENTO!E33","v":"REATERRO MECANIZADO DE VALA COM RETROESCAVADEIRA (CAPACIDADE DA CAÇAMBA DA RETRO: 0,26 M³ / POTÊNCIA: 88 HP), LARGURA ATÉ 0,8 M, PROFUNDIDADE DE 1,5 A 3,0 M, COM SOLO DE 1ª CATEGORIA EM LOCAIS COM ALTO NÍVEL DE INTERFERÊNCIA. AF_04/2016"},{"$f":"ORÇAMENTO!J33","v":{"v":2614.9752,"d":"R$ 2,614.98"}}]
[null,{"$f":"ORÇAMENTO!A34","v":"4.10"},{"$f":"ORÇAMENTO!E34","v":"BASE PARA POÇO DE VISITA CIRCULAR PARA DRENAGEM, EM ALVENARIA COM TIJOLOS CERÂMICOS MACIÇOS, DIÂMETRO INTERNO = 0,8 M, PROFUNDIDADE = 1,45 M, EXCLUINDO TAMPÃO. AF_05/2018"},{"$f":"ORÇAMENTO!J34","v":{"v":3914.9,"d":"R$ 3,914.90"}}]
[null,{"$f":"ORÇAMENTO!A35","v":"4.11"},{"$f":"ORÇAMENTO!E35","v":"CHAMINÉ CIRCULAR PARA POÇO DE VISITA PARA ESGOTO, EM ALVENARIA COM TIJOLOS CERÂMICOS MACIÇOS, DIÂMETRO INTERNO = 0,6 M. AF_05/2018"},{"$f":"ORÇAMENTO!J35","v":{"v":1896.78,"d":"R$ 1,896.78"}}]
[null,{"$f":"ORÇAMENTO!A36","v":"4.12"},{"$f":"ORÇAMENTO!E36","v":"TAMPA CIRCULAR PARA ESGOTO E DRENAGEM, EM FERRO FUNDIDO, DIÂMETRO INTERNO = 0,6 M. AF_05/2018"},{"$f":"ORÇAMENTO!J36","v":{"v":1422.88,"d":"R$ 1,422.88"}}]
[null,{"$f":"ORÇAMENTO!A37","v":"4.13"},{"$f":"ORÇAMENTO!E37","v":"Boca de Leão simples com grelha - cops 178"},{"$f":"ORÇAMENTO!J37","v":{"v":5052.28,"d":"R$ 5,052.28"}}]
[7,null,"Sinalização",null,{"$f":"SUM(D38:D40)","v":{"v":2149.813,"d":"R$ 2,149.81"}}]
[null,{"$f":"ORÇAMENTO!A39","v":"5.1"},{"$f":"ORÇAMENTO!E39","v":"SINALIZACAO HORIZONTAL COM TINTA RETRORREFLETIVA A BASE DE RESINA ACRILICA COM MICROESFERAS DE VIDRO"},{"$f":"ORÇAMENTO!J39","v":{"v":815.344,"d":"R$ 815.34"}}]
[null,{"$f":"ORÇAMENTO!A40","v":"5.2"},{"$f":"ORÇAMENTO!E40","v":"PLACA DE SINALIZACAO EM CHAPA DE ACO NUM 16 COM PINTURA REFLETIVA"},{"$f":"ORÇAMENTO!J40","v":{"v":263.721,"d":"R$ 263.72"}}]
[null,{"$f":"ORÇAMENTO!A41","v":"5.3"},{"$f":"ORÇAMENTO!E41","v":"Tubo galvanizado sem costura schedule 40, DN= 2 1/2´, inclusive conexões"},{"$f":"ORÇAMENTO!J41","v":{"v":1070.748,"d":"R$ 1,070.75"}}]
[8,null,"Acessibilidade",null,{"$f":"SUM(D42:D44)","v":{"v":21929.5302,"d":"R$ 21,929.53"}}]
[null,{"$f":"ORÇAMENTO!A43","v":"6.2"},{"$f":"ORÇAMENTO!E43","v":"LIMPEZA MECANIZADA DE CAMADA VEGETAL, VEGETAÇÃO E PEQUENAS ÁRVORES (DIÂMETRO DE TRONCO MENOR QUE 0,20 M), COM TRATOR DE ESTEIRAS.AF_05/2018"},{"$f":"ORÇAMENTO!J43","v":{"v":180.1504,"d":"R$ 180.15"}}]
[null,{"$f":"ORÇAMENTO!A44","v":"6.3"},{"$f":"ORÇAMENTO!E44","v":"EXECUÇÃO DE PASSEIO (CALÇADA) OU PISO DE CONCRETO COM CONCRETO MOLDADO IN LOCO, USINADO, ACABAMENTO CONVENCIONAL, NÃO ARMADO. AF_07/2016"},{"$f":"ORÇAMENTO!J44","v":{"v":19813.4546,"d":"R$ 19,813.45"}}]
[null,{"$f":"ORÇAMENTO!A45","v":"6.4"},{"$f":"ORÇAMENTO!E45","v":"Armadura em tela soldada"},{"$f":"ORÇAMENTO!J45","v":{"v":1935.9252000000001,"d":"R$ 1,935.93"}}]
[9,null,"Placa de Obras",null,{"$f":"D46","v":{"v":4147.9800000000005,"d":"R$ 4,147.98"}}]
[null,{"$f":"ORÇAMENTO!A12","v":"1.1"},{"$f":"ORÇAMENTO!E12","v":"PLACA DE OBRA (PARA CONSTRUCAO CIVIL) EM CHAPA GALVANIZADA *N. 22*, ADESIVADA, DE *2,0 X 1,125* M"},{"$f":"ORÇAMENTO!J13","v":{"v":4147.9800000000005,"d":"R$ 4,147.98"}}]
[10,null,"Placa de Obras",null,{"$f":"SUM(D48:D58)","v":{"v":56205.6676,"d":"R$ 56,205.67"}}]
[null,{"$f":"ORÇAMENTO!A47","v":"7.1"},{"$f":"ORÇAMENTO!E47","v":"ESCAVAÇÃO MECANIZADA DE VALA COM PROFUNDIDADE MAIOR QUE 1,5 M ATÉ 3,0 M (MÉDIA ENTRE MONTANTE E JUSANTE/UMA COMPOSIÇÃO POR TRECHO) COM RETROESCAVADEIRA (CAPACIDADE DA CAÇAMBA DA RETRO: 0,26 M3 / POTÊNCIA: 88 HP), LARGURA MENOR QUE 0,8 M, EM SOLO DE1A CATEGORIA, LOCAIS COM BAIXO NÍVEL DE INTERFERÊNCIA. AF_01/2015"},{"$f":"ORÇAMENTO!J47","v":{"v":108.1656,"d":"R$ 108.17"}}]
[null,{"$f":"ORÇAMENTO!A48","v":"7.2"},{"$f":"ORÇAMENTO!E48","v":"IMPERMEABILIZAÇÃO DE SUPERFÍCIE COM EMULSÃO ASFÁLTICA, 2 DEMÃOS AF_06/2018"},{"$f":"ORÇAMENTO!J48","v":{"v":3348.382,"d":"R$ 3,348.38"}}]
[null,{"$f":"ORÇAMENTO!A49","v":"7.3"},{"$f":"ORÇAMENTO!E49","v":"Forma Plana em compensado para obra de arte , sem Cimbramento - CPOS 178D"},{"$f":"ORÇAMENTO!J49","v":{"v":20490.7704,"d":"R$ 20,490.77"}}]
[null,{"$f":"ORÇAMENTO!A50","v":"7.4"},{"$f":"ORÇAMENTO!E50","v":"Concreto usinado, fck 25 mpa - para bombeamento - CPOS 178 D"},{"$f":"ORÇAMENTO!J50","v":{"v":9500.095,"d":"R$ 9,500.10"}}]
[null,{"$f":"ORÇAMENTO!A51","v":"7.5"},{"$f":"ORÇAMENTO!E51","v":"Lançamento e adensamento de concreto ou massa por bombeamento - CPOS 178D"},{"$f":"ORÇAMENTO!J51","v":{"v":3308.6789999999996,"d":"R$ 3,308.68"}}]
[null,{"$f":"ORÇAMENTO!A52","v":"7.6"},{"$f":"ORÇAMENTO!E52","v":"Armadura em barras de aço CA50 (A ou B) fyk 500MPa CPOS 178 D"},{"$f":"ORÇAMENTO!J52","v":{"v":10885.3,"d":"R$ 10,885.30"}}]
[null,{"$f":"ORÇAMENTO!A53","v":"7.7"},{"$f":"ORÇAMENTO!E53","v":"EXECUCAO DE DRENO COM MANTA GEOTEXTIL 200 G/M2"},{"$f":"ORÇAMENTO!J53","v":{"v":260.6148,"d":"R$ 260.61"}}]
[null,{"$f":"ORÇAMENTO!A54","v":"7.8"},{"$f":"ORÇAMENTO!E54","v":"LASTRO COM MATERIAL GRANULAR (AREIA MÉDIA), APLICADO EM PISOS OU RADIERS, ESPESSURA DE *10 CM*. AF_07/2019"},{"$f":"ORÇAMENTO!J54","v":{"v":262.9748,"d":"R$ 262.97"}}]
[null,{"$f":"ORÇAMENTO!A55","v":"7.9"},{"$f":"ORÇAMENTO!E55","v":"EXECUCAO DE DRENO COM TUBOS DE PVC CORRUGADO FLEXIVEL PERFURADO - DN 100"},{"$f":"ORÇAMENTO!J55","v":{"v":1073.747,"d":"R$ 1,073.75"}}]
[null,{"$f":"ORÇAMENTO!A56","v":"7.10"},{"$f":"ORÇAMENTO!E56","v":"Camada Vertical drenante com pedra britada 1 e 2 - sinapi 07/2020"},{"$f":"ORÇAMENTO!J56","v":{"v":665.0849999999999,"d":"R$ 665.09"}}]
[null,{"$f":"ORÇAMENTO!A57","v":"7.11"},{"$f":"ORÇAMENTO!E57","v":"ATERRO MANUAL DE VALAS COM SOLO ARGILO-ARENOSO E COMPACTAÇÃO MECANIZADA. AF_05/2016"},{"$f":"ORÇAMENTO!J57","v":{"v":6301.854,"d":"R$ 6,301.85"}}]
[]
[null,null,"TOTAL GERAL",null,{"$f":"SUM(E9:E58)","v":{"v":248775.69320000004,"d":"R$ 248,775.69"}}]
[]
[]
[null,null,"Carlos Eduardo Mazzetto"]
[null,null,"Eng. Civil         SMDU"]
[null,null,"CREA 5060363666"]

{"sheet":"Cronograma PLE","index":3,"n_rows":27,"n_cols":20,"rows_kept":27,"merged":[[0,3,1,15],[7,0,8,1],[7,2,8,2],[7,3,8,3],[7,4,7,5],[7,6,7,7],[7,8,7,9],[7,10,7,11],[7,12,7,13],[7,14,7,15],[9,0,9,1],[10,0,10,1],[11,0,11,1],[12,0,12,1],[13,0,13,1],[14,0,14,1],[15,0,15,1],[16,0,16,1],[17,0,17,1],[18,0,18,1]]}
[{"$nulls":3},"Cronograma PLE"]
[]
[]
["Obra: ","Pavimentação da Rua Albertino Lastória - Trecho I"]
["Local:","Rua Albertino Latória, distrito de Três Pontes Amparo SP"]
["Operação ",1068046,"P + Brasil     892996","DATA BASE ",null,"2021-01-01"]
[]
["Evento ",null,"Título do Evento / Descrição do Serviço","Total","MÊS 1",null,"MÊS 2",null,"MÊS 3",null,"MÊS 4",null,"MÊS 5",null,"MÊS 6"]
[{"$nulls":4},"part %","valor","part %","valor","part %","valor","part %","valor","part %","valor","part %","valor",{"$nulls":3},{"v":2283.3,"d":"R$ 2,283.30"}]
[1,null,"Serviços Iniciais",{"$f":"Eventograma!E9","v":{"v":1522.1999999999998,"d":"R$ 1,522.20"}},null,null,{"v":1,"d":"100%"},{"$f":"G10*D10","v":{"v":1522.1999999999998,"d":"R$ 1,522.20"}},{"$nulls":11},{"v":2405.1789999999996,"d":"R$ 2,405.18"}]
[2,null,"Demolições e Retiradas",{"$f":"Eventograma!E11","v":{"v":308.04759999999993,"d":"R$ 308.05"}},{"$nulls":4},{"v":1,"d":"100%"},{"$f":"I11*D11","v":{"v":308.04759999999993,"d":"R$ 308.05"}},{"$nulls":9},{"v":34838.9664,"d":"R$ 34,838.97"}]
[3,null,"Pavimentação Base",{"$f":"Eventograma!E14","v":{"v":46743.5931,"d":"R$ 46,743.59"}},null,null,{"v":1,"d":"100%"},{"$f":"G12*D12","v":{"v":46743.5931,"d":"R$ 46,743.59"}},{"$nulls":11},{"v":36782.723399999995,"d":"R$ 36,782.72"}]
[4,null,"Pavimentação Capa",{"$f":"Eventograma!E18","v":{"v":45519.842,"d":"R$ 45,519.84"}},{"$nulls":6},{"v":1,"d":"100%"},{"$f":"K13*D13","v":{"v":45519.842,"d":"R$ 45,519.84"}},{"$nulls":7},{"v":36289.6382,"d":"R$ 36,289.64"}]
[5,null,"Drenagem Superficial",{"$f":"Eventograma!E22","v":{"v":32629.7917,"d":"R$ 32,629.79"}},{"$nulls":4},{"v":1,"d":"100%"},{"$f":"I14*D14","v":{"v":32629.7917,"d":"R$ 32,629.79"}},{"$nulls":9},{"v":107759.3066,"d":"R$ 107,759.31"}]
[6,null,"Drenagem Profunda",{"$f":"Eventograma!E26","v":{"v":37619.228,"d":"R$ 37,619.23"}},{"v":1,"d":"100%"},{"$f":"E15*D15","v":{"v":37619.228,"d":"R$ 37,619.23"}},{"$nulls":13},{"v":4320.826,"d":"R$ 4,320.83"}]
[7,null,"Sinalização",{"$f":"Eventograma!E37","v":{"v":2149.813,"d":"R$ 2,149.81"}},{"$nulls":10},{"v":1,"d":"100%"},{"$f":"O16*D16","v":{"v":2149.813,"d":"R$ 2,149.81"}},{"$nulls":3},{"v":27313.9288,"d":"R$ 27,313.93"}]
[8,null,"Acessibilidade",{"$f":"Eventograma!E41","v":{"v":21929.5302,"d":"R$ 21,929.53"}},{"$nulls":8},{"v":1,"d":"100%"},{"$f":"M17*D17","v":{"v":21929.5302,"d":"R$ 21,929.53"}},{"$nulls":5},{"v":3972.96,"d":"R$ 3,972.96"}]
[9,null,"Placa de Obras",{"$f":"Eventograma!E45","v":{"v":4147.9800000000005,"d":"R$ 4,147.98"}},{"v":1,"d":"100%"},{"$f":"D18","v":{"v":4147.9800000000005,"d":"R$ 4,147.98"}}]
[10,null,"Muro de Arrimo",{"$f":"ORÇAMENTO!J46","v":{"v":56205.6676,"d":"R$ 56,205.67"}},{"v":1,"d":"100%"},{"$f":"D19","v":{"v":56205.6676,"d":"R$ 56,205.67"}}]
[]
[null,null,"TOTAL GERAL",{"$f":"SUM(D10:D19)","v":{"v":248775.69320000004,"d":"R$ 248,775.69"}},{"$f":"F21/$D$21","v":{"v":0.3938201290478807,"d":"39.38%"}},{"$f":"SUM(F10:F20)","v":{"v":97972.8756,"d":"R$ 97,972.88"}},{"$f":"H21/$D$21","v":{"v":0.194013299608002,"d":"19.40%"}},{"$f":"SUM(H10:H20)","v":{"v":48265.793099999995,"d":"R$ 48,265.79"}},{"$f":"J21/$D$21","v":{"v":0.13239974885134798,"d":"13.24%"}},{"$f":"SUM(J10:J20)","v":{"v":32937.8393,"d":"R$ 32,937.84"}},{"$f":"L21/$D$21","v":{"v":0.1829754403031847,"d":"18.30%"}},{"$f":"SUM(L10:L20)","v":{"v":45519.842,"d":"R$ 45,519.84"}},{"$f":"N21/$D$21","v":{"v":0.08814981044940767,"d":"8.81%"}},{"$f":"SUM(N10:N20)","v":{"v":21929.5302,"d":"R$ 21,929.53"}},{"$f":"P21/$D$21","v":{"v":0.008641571740176743,"d":"0.86%"}},{"$f":"SUM(P10:P20)","v":{"v":2149.813,"d":"R$ 2,149.81"}}]
[{"$nulls":4},{"$f":"F22/$D$21","v":{"v":0.3938201290478807,"d":"39.38%"}},{"$f":"F21","v":{"v":97972.8756,"d":"R$ 97,972.88"}},{"$f":"H22/$D$21","v":{"v":0.5878334286558827,"d":"58.78%"}},{"$f":"H21+F22","v":{"v":146238.66869999998,"d":"R$ 146,238.67"}},{"$f":"J22/$D$21","v":{"v":0.7202331775072306,"d":"72.02%"}},{"$f":"J21+H22","v":{"v":179176.50799999997,"d":"R$ 179,176.51"}},{"$f":"L22/$D$21","v":{"v":0.9032086178104154,"d":"90.32%"}},{"$f":"L21+J22","v":{"v":224696.34999999998,"d":"R$ 224,696.35"}},{"$f":"N22/$D$21","v":{"v":0.991358428259823,"d":"99.14%"}},{"$f":"N21+L22","v":{"v":246625.88019999999,"d":"R$ 246,625.88"}},{"$f":"P22/$D$21","v":{"v":0.9999999999999998,"d":"100.00%"}},{"$f":"P21+N22","v":{"v":248775.69319999998,"d":"R$ 248,775.69"}}]
[]
[]
[{"$nulls":3},"Carlos Eduardo Mazzetto"]
[{"$nulls":3},"Eng. Civil         SMDU"]
[{"$nulls":3},"CREA 5060363666"]